| 000 | 00429nam a22001697a 4500 | ||
|---|---|---|---|
| 003 | MACL | ||
| 005 | 20160802153620.0 | ||
| 008 | 160802b xxu||||| |||| 00| 0 eng d | ||
| 040 | _cMACL | ||
| 041 | _aEnglish | ||
| 082 | _a741.642 DAS | ||
| 100 |
_aDas, Vidyasagar _965988 |
||
| 245 |
_aDarkson House _cVidyasagar Das |
||
| 260 |
_aNew Delhi _bVasudev Pustak Kendra _c2010 |
||
| 650 |
_aChildren _965989 |
||
| 942 |
_2ddc _cBK |
||
| 999 |
_c55464 _d55464 |
||